01171nam a22001817a 4500003000400000020001800004082001200022100001800034245003600052250000900088260003300097300000800130650002500138653065100163942001300814952014700827999001500974SGT a9780748761623 a547,NOR aNORMAN R.O.C. aPRINCIPLE OF ORGANIC SYNTHESIS  a3RD  aNEW DELHI bCRC PRESS c2014 a811 aORGANIC CHEMISTRY  a CHEMICAL THERMODYNAMICS. MOLECULAR STRUCTURE. CHEMICAL KINETICS. MECHANISM. STEREOCHEMISTRY. FORMATION OF CARBON-CARBON BONDS. FORMATION OF ALIPHATIC CARBON-CARBON BONDS. PERICYCLIC REACTIONS. FORMATION OF ALIPHATIC CARBON-NITROGEN BONDS. ELECTROPHILIC AROMATIC SUBSTITUTION. NUCLEOPHILIC AROMATIC SUBSTITUTION. AROMATIC DIAZONIUM SALTS. MOLECULAR REARRANGEMENTS. REAGENTS CONTAINING PHOSPHORUS, SULFUR, SILICON OR BORON. PHOTOCHEMICAL REACTIONS. FREE-RADICAL REACTIONS. ORGANOTRANSITION AND REAGENTS. OXIDATION. REDUCTION. THE SYNTHESIS OF FIVE- AND SIX-MEMBERED HETEROCYCLIC COMPOUNDS. THE SYNTHESES OF SOME NATURALLY OCURRING COMPOUNDS. INDEX 2ddccFPS 00102ddc40718FSaSSSLbSSSLcREFd2016-07-05eKIRTI PRAKASHAN g1095.00iSGTUo547,NORpPS1437r2016-07-05 00:00:00w2015-12-02yFPSk3307 c9476d9476